<?xml version="1.0" encoding="UTF-8"?>
<record
    xmlns:xsi="http://www.w3.org/2001/XMLSchema-instance"
    xsi:schemaLocation="http://www.loc.gov/MARC21/slim http://www.loc.gov/standards/marcxml/schema/MARC21slim.xsd"
    xmlns="http://www.loc.gov/MARC21/slim">

  <leader>01548cam a2200241   4500</leader>
  <controlfield tag="001">7614</controlfield>
  <controlfield tag="005">20181127184000.0</controlfield>
  <controlfield tag="008">991012s2000    njua          001 0 eng</controlfield>
  <datafield tag="010" ind1=" " ind2=" ">
    <subfield code="a">   99051599</subfield>
  </datafield>
  <datafield tag="020" ind1=" " ind2=" ">
    <subfield code="a">0130257710</subfield>
  </datafield>
  <datafield tag="082" ind1="0" ind2="0">
    <subfield code="a">808.3</subfield>
    <subfield code="2">21</subfield>
  </datafield>
  <datafield tag="100" ind1="1" ind2=" ">
    <subfield code="a">Schoen, Steven,</subfield>
    <subfield code="d">1946-</subfield>
  </datafield>
  <datafield tag="245" ind1="1" ind2="4">
    <subfield code="a">The truth about fiction /</subfield>
    <subfield code="c">Steven Schoen.</subfield>
  </datafield>
  <datafield tag="260" ind1=" " ind2=" ">
    <subfield code="a">Upper Saddle River, N.J. :</subfield>
    <subfield code="b">Prentice Hall,</subfield>
    <subfield code="c">2000.</subfield>
  </datafield>
  <datafield tag="300" ind1=" " ind2=" ">
    <subfield code="a">xviii, 121 p. :</subfield>
    <subfield code="b">ill. ;</subfield>
    <subfield code="c">23 cm.</subfield>
  </datafield>
  <datafield tag="500" ind1=" " ind2=" ">
    <subfield code="a">Includes index.</subfield>
  </datafield>
  <datafield tag="505" ind1=" " ind2=" ">
    <subfield code="a">Lying 101. Basic truths ; The structured lie ; True  believers -- Details. Sweating the small stuff ; Show-and-tell ;  Action ; Setting -- Character. Character-driven plot ; Defining the cast ;  How to build a person ; Presentation -- Plot. Nothing new under the son ; Cause-and-effect  plotting ; Plot outlines -- Story structure. Opening the doors ; Middles ; Endings -- Dialogue. Mechanics ; Dialogue/style ; Dialogue/content - - Point of view. Processing ; The points of view -- Style. Mode ; Dealing with the past ; Diction ; Symbolism  -- Appendixes. Research ; Publication and market research  exercise ; Manuscript style.</subfield>
    <subfield code="g"></subfield>
    <subfield code="r"></subfield>
    <subfield code="t"></subfield>
  </datafield>
  <datafield tag="520" ind1=" " ind2=" ">
    <subfield code="a">Designed for undergraduate courses in introductory creative  writing, This text treats creative writing as a practical  skill-building course with actual applications. It presents  coverage of the elements of fiction and real-world writing  techniques.</subfield>
  </datafield>
  <datafield tag="650" ind1=" " ind2="0">
    <subfield code="a">Creative writing.</subfield>
  </datafield>
  <datafield tag="650" ind1=" " ind2="0">
    <subfield code="a">Fiction</subfield>
    <subfield code="x">Authorship.</subfield>
  </datafield>
  <datafield tag="650" ind1=" " ind2="0">
    <subfield code="a">Fiction</subfield>
    <subfield code="x">Technique.</subfield>
  </datafield>
  <datafield tag="999" ind1=" " ind2=" ">
    <subfield code="c">6522</subfield>
    <subfield code="d">6522</subfield>
  </datafield>
  <datafield tag="952" ind1=" " ind2=" ">
    <subfield code="0">0</subfield>
    <subfield code="1">0</subfield>
    <subfield code="2">ddc</subfield>
    <subfield code="4">0</subfield>
    <subfield code="7">0</subfield>
    <subfield code="8">MAIN</subfield>
    <subfield code="a">RTCLIB</subfield>
    <subfield code="b">RTCLIB</subfield>
    <subfield code="c">MAIN</subfield>
    <subfield code="d">2021-08-30</subfield>
    <subfield code="h"> </subfield>
    <subfield code="i">11572</subfield>
    <subfield code="l">1</subfield>
    <subfield code="o">808.3 SCH</subfield>
    <subfield code="p">30012209</subfield>
    <subfield code="r">2021-09-10 00:00:00</subfield>
    <subfield code="s">2021-08-30</subfield>
    <subfield code="w">2018-11-27</subfield>
    <subfield code="y">MAIN</subfield>
  </datafield>
</record>
